| 000 | 00375 a2200133 4500 | ||
|---|---|---|---|
| 040 |
_aDLC _bDLC |
||
| 082 | _a297.1226 | ||
| 100 | _aBucaille, Maurice | ||
| 245 |
_aThe Bible , The Quran and Science _cMaurice Bucaille |
||
| 260 |
_aEgypt: _bDar Al Maarif, _c1977. |
||
| 300 |
_a ix, 252 p. ; _c 24 cm. |
||
| 650 | _a Quran--relation to the bible. | ||
| 942 |
_cBK _k297.1226 BUC _2ddc |
||
| 999 |
_c7348 _d7348 |
||